| 000 | 02496namaa2200349 i 4500 | ||
|---|---|---|---|
| 003 | EG-GICUC | ||
| 005 | 20260420112437.0 | ||
| 008 | 260420s1992 le a|||gr|||| 001 0 ara d | ||
| 040 |
_aEG-GiCUC _bara _cEG-GiCUC _dEG-GiCUC _erda |
||
| 082 | 0 | 4 |
_221 _a920.0091761 _bJ419 1992 |
| 092 | 0 | 4 |
_221 _a920.0091761 _bJ419 1992 |
| 099 | _a920.0091761 J419 1992 | ||
| 100 | 1 |
_aابن الجوزي، أبو الفرج عبد الرحمن بن علي، _d 1116 (حو.)-1201 _eمؤلف. |
|
| 245 | 1 | 2 |
_aالمنتظم في تاريخ الأمم والملوك / _cلأبي الفرج عبد الرحمن بن علي بن محمد بن الجوزي ؛ دراسة وتحقيق محمد عبد القادر عطا،مصطفى عبد القادر عطا ؛ راجعه وصححه نعيم زرزور. |
| 250 | _aالطبعة الأولى. | ||
| 264 |
_aبيروت : _bدار الكتب العلمية، _c1992. |
||
| 300 |
_a16*18 مجلدات : _bإيضاحيات ؛ _c24 سم |
||
| 336 |
_2rdacontent _atext |
||
| 337 |
_2rdamedia _aUnmediated |
||
| 338 |
_2rdacarrier _avolume |
||
| 504 | _aيشتمل على ارجاعات ببليوجرافية. | ||
| 505 | _aالمجلد الاول.ما قبل الهجرة--المجلد الثاني.ما قبل الهجرة--المجلد الثالث.السنوات 1-10هـ--المجلد الرابع.السنوان 10-28هـ--المجلد الخامس.السنوات 29-61هـ--المجلد السادس.السنوات 61-95هـ--المجلد السابع.السنوات 95-136هـ--المجلد الثامن.السنوات 137-173--المجلد التاسع والعاشر.السنوات 174-216--المجلد الحادي عشر.السنوات 217-247--المجلد الثاني عشر.السنوات 248-289--المجلد الثالث عشر.السنوات289-329.المجلد الرابع عشر.السنوات 329-387هـ--المجلد الخامس عشر.387-447--المجلد السادس عشر.السنوات 448-485--المجلد السابع عشر والثامن عشر.السنوات 486-574 هـ | ||
| 541 |
_aد. جابر عصفور ؛ _bالقاهرة ؛ _cإهداء ؛ _d2024. |
||
| 650 | 1 |
_aالعالم الإسلامي _vتراجم. _2qrmak |
|
| 650 | 1 | _aالتاريخ الاسلامي. | |
| 651 | 1 | _2qrmak | |
| 700 | 1 |
_aعطا، محمد عبد القادر _eمحقق. |
|
| 700 | 1 |
_aعطا، مصطفى عبد القادر _eمحقق. |
|
| 700 | 1 |
_aزرزور، نعيم _eمراجع. |
|
| 905 | _aAsmaa | ||
| 942 |
_2ddc _cREF _e21 _n0 |
||
| 999 |
_c179603 _d179603 |
||